[Event "XVI Gran Hotel Bali 2017"]
[Site "Benidorm"]
[Date "2017.12.09"]
[Round "10"]
[White "Burguete Archel, Eduardo"]
[Black "Gromovs, Sergejs"]
[Result "0-1"]
[WhiteElo "2207"]
[BlackElo "2257"]
[Annotator "NA"]
[PlyCount "96"]
[EventDate "2017.??.??"]
[EventType "swiss"]
[EventCountry "ESP"]
[SourceTitle "playchess.com"]
[Source "ChessBase"]
[SourceQuality "1"]
[TimeControl "5400+30"]

1. e4 {[%emt 0:00:00]} c5 {[%emt 0:00:06]} 2. Nf3 {[%emt 0:00:00]} d6 {[%emt 0:00:04]} 3. d4 {[%emt 0:00:00]} cxd4 {[%emt 0:00:40]} 4. Nxd4 {[%emt 0:00:00]} Nf6 {[%emt 0:00:04]} 5. f3 {[%emt 0:00:01]} a6 {[%emt 0:00:02]} 6. c4 {[%emt 0:00:37]} e6 {[%emt 0:00:39]} 7. Nc3 {[%emt 0:00:49]} Be7 {[%emt 0:04:01]} 8. Be3 {[%emt 0:02:01]} O-O {[%emt 0:00:15]} 9. Be2 {[%emt 0:01:58]} Nbd7 {[%emt 0:00:02]} 10. O-O {[%emt 0:01:45]} Qc7 {[%emt 0:00:01]} 11. Qd2 {[%emt 0:06:35]} b6 {[%emt 0:00:04]} 12. Rfc1 {[%emt 0:06:01]} Bb7 {[%emt 0:00:31]} 13. b4 {[%emt 0:02:18]} Rac8 {[%emt 0:00:01]} 14. Rab1 {[%emt 0:08:32]} Qb8 {[%emt 0:00:11]} 15. Na4 {[%emt 0:01:32]} Rfe8 {[%emt 0:00:20]} 16. Kh1 {[%emt 0:19:57]} g6 {[%emt 0:03:44]} 17. Nb3 {[%emt 0:12:16]} Bd8 {[%emt 0:09:46]} 18. Nb2 {[%emt 0:00:50]} Bc7 {[%emt 0:01:00]} 19. Bg1 {[%emt 0:00:02]} d5 {[%emt 0:01:02]} 20. cxd5 {[%emt 0:01:42]} exd5 {[%emt 0:00:40]} 21. exd5 {[%emt 0:00:01]} Rcd8 {[%emt 0:06:07]} 22. Rc4 {[%emt 0:09:56]} Nxd5 {[%emt 0:04:46]} 23. Rd4 {[%emt 0:01:33]} Bf4 {[%emt 0:03:08]} 24. Qe1 {[%emt 0:03:47]} Be5 {[%emt 0:01:59]} 25. Qf1 {[%emt 0:02:07]} Bxd4 {[%emt 0:00:47]} 26. Bxd4 {[%emt 0:00:02]} Nxb4 {[%emt 0:02:02]} 27. Nc4 {[%emt 0:00:03]} b5 {[%emt 0:07:21]} 28. Nba5 {[%emt 0:00:30]} Nc6 {[%emt 0:03:06]} 29. Bf2 {[%emt 0:05:57]} Nxa5 {[%emt 0:01:52]} 30. Nxa5 {[%emt 0:00:07]} Bd5 {[%emt 0:00:51]} 31. Bh4 {[%emt 0:01:02]} Rc8 {[%emt 0:01:38]} 32. Nb3 {[%emt 0:00:01]} Rc2 {[%emt 0:03:26]} 33. Rd1 {[%emt 0:03:25]} Qa8 {[%emt 0:03:20]} 34. Bd3 {[%emt 0:04:42]} Rxa2 {[%emt 0:00:08]} 35. Nd4 {[%emt 0:00:01]} Qa7 {[%emt 0:07:47]} 36. Bb1 {[%emt 0:00:45]} Bc4 {[%emt 0:00:38]} 37. Qg1 {[%emt 0:00:23]} Rb2 {[%emt 0:00:24]} 38. Be4 {[%emt 0:00:09]} Ne5 {[%emt 0:01:57]} 39. Qe3 {[%emt 0:03:53]} Qc5 {[%emt 0:08:19]} 40. Qh6 {[%emt 0:00:50]} Qd6 {[%emt 0:02:29]} 41. Qc1 {[%emt 0:00:37]} Qa3 {[%emt 0:01:26]} 42. Bf6 {[%emt 0:00:31]} Ra2 {[%emt 0:01:05]} 43. Qh6 {[%emt 0:01:15]} Qf8 {[%emt 0:00:02]} 44. Qh4 {[%emt 0:01:33]} Qd6 {[%emt 0:02:07]} 45. Qf4 {[%emt 0:01:36]} Qxd4 {[%emt 0:00:49]} 46. Qc1 {[%emt 0:00:01]} Qf2 {[%emt 0:01:39]} 47. Rg1 {[%emt 0:00:02]} Qd2 {[%emt 0:02:37]} 48. Qb1 {[%emt 0:00:18]} Qf4 {[%emt 0:00:45]} 0-1

[Event "XVI Gran Hotel Bali 2017"]
[Site "Benidorm"]
[Date "2017.12.09"]
[Round "10"]
[White "Yuksel, Atilla Koksal"]
[Black "Gajic, Mladen"]
[Result "1/2-1/2"]
[WhiteElo "2184"]
[BlackElo "2300"]
[Annotator "TA"]
[PlyCount "260"]
[EventDate "2017.??.??"]
[EventType "swiss"]
[EventCountry "ESP"]
[SourceTitle "playchess.com"]
[Source "ChessBase"]
[SourceQuality "1"]

{[%evp 9,260,33,37,29,46,25,49,24,31,0,24,13,24,7,13,2,32,21,31,31,22,31,33,20,43,51,265,268,271,253,325,320,315,72,79,70,69,51,51,50,53,50,55,10,10,10,10,10,29,17,64,6,8,11,27,25,26,22,22,22,25,29,32,36,78,55,51,14,16,23,31,0,0,0,0,-274,-266,-320,-312,-404,-428,-838,-683,-579,-651,-1542,-1292,-1787,-1741,-1964,-1838,-1860,-1670,-1674,-691,-1853,-1809,-2090,-1470,-1414,-1363,-1205,0,-1068,-747,-996,-831,-594,-527,-1057,-1068,-1125,-1097,-1058,-1108,-862,-333,-189,-42,-150,-82,-1611,-1231,-1629,-1052,-304,0,-92,0,0,0,0,0,0,0,0,0,0,0,0,0,0,0,0,0,0,0,0,0,0,0,0,0,0,0,0,0,0,0,0,0,0,0,0,0,0,0,0,0,0,0,0,0,0,0,0,0,0,0,0,0,0,0,0,0,0,0,0,0,0,0,0,0,0,0,0,0,0,0,0,0,0,0,0,0,0,0,0,0,0,0,0,0,0,0,0,0,0,0,0,0,0,0,0,0,0,0,0,0,0,0,0,0,0,0,0,0,0,0,0,0,0,0,0,0,0,0,0,0,0,0,0,0]} 1. e4 g6 2. d4 Bg7 3. Nc3 d6 4. h3 a6 5. a4 b6 6. Nf3 {B06: Modern Defence} (6. g4 Bb7 7. Bg2 e6 8. Nge2 Nd7 9. Be3 h5 10. Rg1 hxg4 11. hxg4 c5 12. Qd2 Ne7 13. f4 cxd4 14. Nxd4 {½-½ (32) Chigaev,M (2542)-Dubov,D (2666) Kolomna 2016}) 6... e6 7. Bf4 Ne7 8. Qd2 {White is slightly better.} h6 9. h4 $146 ({Predecessor:} 9. Bc4 Nd7 10. Rd1 Bb7 11. Bb3 g5 12. Bg3 {1-0 (69) Zimina,O (2195)-Koroljova,V (2195) Sochi 1998}) 9... Nd7 10. Bd3 Bb7 11. O-O Nc6 12. Be3 $36 {[%mdl 2048] White has some pressure.} e5 {[%cal Re5d4]} 13. d5 Ne7 14. Nh2 f5 {Threatens to win with ...f4.} 15. f4 fxe4 16. Bxe4 Nf6 17. fxe5 dxe5 $2 {[#]} ({Better is} 17... Nxe4 $14 18. Nxe4 dxe5) 18. Rxf6 $1 $18 {[%mdl 512]} Bxf6 19. d6 Bxe4 20. Nxe4 Bxh4 21. dxe7 $2 (21. Rf1 $18) 21... Qxd2 $16 22. Bxd2 Bxe7 23. Ng4 O-O-O 24. Bc3 Bb4 25. Bxb4 ({Much worse is} 25. Bxe5 Rhe8 $15) 25... Rd4 26. Bc3 ({Reject} 26. Nxe5 Rxb4 27. Nxg6 Rd8 $17) (26. Re1 {looks sharper.} Rxb4 27. b3 h5 28. Nxe5 Re8 29. Nc4) 26... Rxe4 27. Nxe5 Re8 28. Nd3 Rc4 29. a5 b5 30. Re1 ({White should play} 30. Rf1 $14) 30... Rxe1+ $11 31. Nxe1 Kb7 32. Bd2 g5 33. b3 Re4 34. Kf2 c5 $1 35. Kf3 Re6 36. Nd3 g4+ 37. Kf2 (37. Kg3 $5 {[%cal Rd3c5]} Re2 38. Nxc5+ Kc6 39. Bb4 $16) 37... Kc6 38. Be3 c4 39. Nb4+ Kb7 40. Nd5 Re5 41. Nb4 h5 42. Na2 $2 {[%mdl 8192]} (42. bxc4 $11 {and White is okay.} bxc4 43. Bb6) 42... h4 $1 $19 43. Nc1 h3 {aiming for ...h2.} 44. gxh3 gxh3 45. Ne2 (45. Bf4 $142 Re4 46. Bg3) 45... cxb3 46. cxb3 {and the idea Bf4 leaves White hopeful.} b4 47. Bf4 Rxa5 48. Nd4 Ra2+ 49. Kg1 Rg2+ 50. Kh1 Rb2 51. Bd6 a5 (51... Rd2 $142 52. Bc5 a5) 52. Bc5 Ra2 53. Kg1 Kc7 54. Kh1 Kd7 55. Kg1 Kc7 56. Kh1 $1 Rg2 57. Be7 Rb2 58. Bc5 Rd2 59. Kg1 Kd7 60. Kh1 Ke8 61. Bb6 Kf7 62. Nf3 Rd5 $2 (62... Rd1+ 63. Kh2 a4 $1 {[%mdl 512]} 64. bxa4 b3 65. Ne5+ Ke6) 63. Nd4 Rh5 (63... Rd6 $1 $19 {[%cal Rd6b6]} 64. Bc5 Rg6) 64. Kh2 $15 Kg6 (64... Ke8 $142 $1 {...Kd7 is the strong threat.} 65. Ba7 Kd7) 65. Nc6 $2 {[%mdl 8192] [#]} (65. Kg1 $17) 65... a4 $1 $19 {[%cal Ra4b3][%mdl 512]} 66. bxa4 b3 {And now ...b2 would win.} 67. Bd4 {[#]} Rh4 $2 (67... Rc5 $1 $19 {[%cal Rc5c6][%mdl 512]} 68. Ne5+ (68. Bxc5 b2) 68... Kf5) 68. Bb2 {[#]} (68. Bc3 $11 {remains equal.}) 68... Rxa4 (68... Rf4 $1 $17 {[%cal Rf4f2]} 69. Kxh3 Rxa4) 69. Kxh3 $11 {The position is equal.} Ra2 70. Ne5+ Kf5 (70... Kf6 $5 71. Nd3+ $8 Ke6 $11) 71. Nc4 Ke4 {White must now prevent ...Kd3.} 72. Bf6 Ra6 73. Bg7 Rg6 74. Bb2 Rh6+ 75. Kg3 Kd3 76. Na5 Rg6+ 77. Kf3 Kc2 78. Be5 (78. Bd4 {with more complications.} b2 79. Bxb2 Kxb2 80. Nc4+ Kc3 81. Ne5) 78... Rg5 79. Kf4 Rg8 {[#]} 80. Nxb3 $1 {[%mdl 512]} Kxb3 {[%mdl 4096] Endgame KR-KB} 81. Bd6 Kc4 82. Ke4 Rg1 83. Bf4 Rf1 84. Be3 Rf7 85. Bf4 Rf8 86. Be3 Re8+ 87. Kf3 Kd3 88. Bb6 Re6 89. Ba7 Rg6 90. Bc5 Rf6+ 91. Kg2 Ke2 92. Bg1 Rg6+ 93. Kh1 Kf1 94. Bh2 Kf2 95. Bc7 Rg5 96. Bd6 Rh5+ 97. Bh2 Kf3 98. Kg1 Rg5+ (98... Rh3 {keeps more tension.} 99. Be5 Rh4 100. Bd6 Kg4 101. Kg2 Rh5) 99. Kh1 Kg4 100. Kg2 Kh4+ 101. Kh1 Kh3 102. Bg1 Rg2 103. Bb6 Rh2+ 104. Kg1 Rb2 105. Bc5 Rc2 (105... Rb1+ {feels hotter.} 106. Kf2 Rc1 107. Bb4 Ra1 108. Bd6 Ra8) 106. Bd4 Rg2+ (106... Rc1+ {keeps more tension.} 107. Kf2 Kh4 108. Kf3 Kh3 109. Ke4 Kg4) 107. Kh1 $1 Kg3 108. Be5+ Kf2 109. Bd4+ Kf3 110. Bb6 Rg6 111. Bg1 Kg3 {( -> ...Rh6+)} 112. Bh2+ Kf2 113. Bc7 Rg5 114. Bb6+ Kf1 {[%cal Rg5h5]} 115. Bc7 $1 Rg1+ (115... Rg2 {is interesting.} 116. Bf4 Re2 117. Bb8 Re3 118. Kh2 Re1) 116. Kh2 Rg7 117. Bd6 Rh7+ (117... Rg1 {is more complex.} 118. Bc5 Rg2+ 119. Kh3 Re2 120. Kg4 Kg2) 118. Kg3 Rd7 119. Bf4 Rd3+ 120. Kg4 Kg2 121. Be5 Rb3 122. Bf4 Rb4 123. Kf5 Kf3 124. Bd6 Re4 125. Be5 Re2 126. Bd6 Re8 127. Bc5 Ra8 {Hoping for ...Ra5.} 128. Bd6 $1 Ra5+ 129. Be5 Rb5 130. Ke6 Ke4 {Precision: White = 61%, Black = 64%.} 1/2-1/2

[Event "XVI Gran Hotel Bali 2017"]
[Site "Benidorm"]
[Date "2017.12.09"]
[Round "10"]
[White "Cantero Navarro, Antonio"]
[Black "Moreno Ibanez, Miguel"]
[Result "1/2-1/2"]
[WhiteElo "2167"]
[BlackElo "2272"]
[Annotator "NA"]
[PlyCount "102"]
[EventDate "2017.??.??"]
[EventType "swiss"]
[EventCountry "ESP"]
[SourceTitle "playchess.com"]
[Source "ChessBase"]
[SourceQuality "1"]
[TimeControl "5400+30"]

1. e4 {[%emt 0:04:41]} c5 {[%emt 0:01:05]} 2. Nf3 {[%emt 0:00:06]} Nc6 {[%emt 0:00:31]} 3. d4 {[%emt 0:00:06]} cxd4 {[%emt 0:00:21]} 4. Nxd4 {[%emt 0:00:07]} e5 {[%emt 0:00:20]} 5. Nxc6 {[%emt 0:00:08]} bxc6 {[%emt 0:01:15]} 6. Bd3 {[%emt 0:00:14]} Bc5 {[%emt 0:03:25]} 7. O-O {[%emt 0:00:31]} Ne7 {[%emt 0:07:14]} 8. Nc3 {[%emt 0:06:36]} Ng6 {[%emt 0:04:13]} 9. Be3 {[%emt 0:00:24]} Qe7 {[%emt 0:10:05]} 10. Qe2 {[%emt 0:03:48]} O-O {[%emt 0:02:12]} 11. Rae1 {[%emt 0:01:23]} Rb8 {[%emt 0:03:29]} 12. Na4 {[%emt 0:10:51]} Bxe3 {[%emt 0:03:38]} 13. fxe3 {[%emt 0:01:19]} d6 {[%emt 0:09:32]} 14. Rf2 {[%emt 0:00:06]} Be6 {[%emt 0:00:53]} 15. Ref1 {[%emt 0:00:05]} Rb4 {[%emt 0:11:06]} 16. b3 {[%emt 0:00:17]} d5 {[%emt 0:09:41]} 17. c3 {[%emt 0:00:39]} Rbb8 {[%emt 0:06:35]} 18. b4 {[%emt 0:01:16]} a5 {[%emt 0:02:03]} 19. Nc5 {[%emt 0:02:06]} axb4 {[%emt 0:00:47]} 20. Na6 {[%emt 0:00:43]} bxc3 {[%emt 0:03:29]} 21. Nxb8 {[%emt 0:00:44]} Rxb8 {[%emt 0:00:14]} 22. exd5 {[%emt 0:02:10]} cxd5 {[%emt 0:01:55]} 23. a4 {[%emt 0:15:49]} Rb2 {[%emt 0:08:00]} 24. Qe1 {[%emt 0:01:12]} Rxf2 {[%emt 0:04:18]} 25. Rxf2 {[%emt 0:00:06]} Qb4 {[%emt 0:00:32]} 26. Qb1 {[%emt 0:07:35]} Qxb1+ {[%emt 0:04:33]} 27. Bxb1 {[%emt 0:00:06]} d4 {[%emt 0:00:06]} 28. exd4 {[%emt 0:00:54]} exd4 {[%emt 0:00:01]} 29. a5 {[%emt 0:00:19]} Bc4 {[%emt 0:00:26]} 30. Rf5 {[%emt 0:02:19]} d3 {[%emt 0:02:27]} 31. Rc5 {[%emt 0:01:20]} d2 {[%emt 0:00:54]} 32. Bc2 {[%emt 0:00:52]} Bd3 {[%emt 0:00:36]} 33. Bd1 {[%emt 0:00:39]} c2 {[%emt 0:00:23]} 34. Rxc2 {[%emt 0:00:07]} Bxc2 {[%emt 0:00:14]} 35. Bxc2 {[%emt 0:00:05]} Ne5 {[%emt 0:00:44]} 36. a6 {[%emt 0:00:36]} Nc6 {[%emt 0:00:03]} 37. Kf2 {[%emt 0:00:19]} Kf8 {[%emt 0:00:32]} 38. Ke2 {[%emt 0:00:22]} Ke7 {[%emt 0:01:02]} 39. Bxh7 {[%emt 0:02:12]} d1=Q+ {[%emt 0:00:18]} 40. Kxd1 {[%emt 0:00:09]} g6 {[%emt 0:00:27]} 41. Kd2 {[%emt 0:01:49]} Kf8 {[%emt 0:00:49]} 42. Kc3 {[%emt 0:00:06]} Kg7 {[%emt 0:00:28]} 43. Bxg6 {[%emt 0:00:28]} fxg6 {[%emt 0:00:31]} 44. Kc4 {[%emt 0:00:07]} Kf6 {[%emt 0:00:23]} 45. Kc5 {[%emt 0:00:05]} Na7 {[%emt 0:00:06]} 46. Kb6 {[%emt 0:00:26]} Nc8+ {[%emt 0:00:04]} 47. Kc7 {[%emt 0:07:04]} Na7 {[%emt 0:00:10]} 48. Kb7 {[%emt 0:00:09]} Nb5 {[%emt 0:00:08]} 49. Kb6 {[%emt 0:02:01]} Nd6 {[%emt 0:00:12]} 50. Kc6 {[%emt 0:00:22]} Nc8 {[%emt 0:00:12]} 51. Kc7 {[%emt 0:01:04]} Na7 {[%emt 0:00:09]} 1/2-1/2